000 00527nam a22001577a 4500
003 OSt
005 20151117160040.0
008 151117b xxu||||| |||| 00| 0 eng d
040 _cRUA
082 _aFIS អ៊ិន 1992 B146 Or.1
100 _93820
_aអ៊ិន មុនីរិទ្ធ
245 _aInundated forest in kompong cham province, ព្រៃលិចទឹកក្នុងខេត្តកំពង់ចាម,
260 _aPhnom Penh
_bRUA
_c1992
300 _a89p.
_bill.
_c29cm.
942 _2ddc
_cFIS
999 _c3553
_d3553